[Event "2nd Hampstead Under 2200 Congress November 2012"]
[Site "London, England"]
[Date "2012.11.25"]
[Round "5"]
[White "Coates,David"]
[Black "Bonafont,Philip"]
[Result "1/2-1/2"]
[WhiteElo "2085"]
[BlackElo "2072"]

1.d4 d5 2.c4 dxc4 3.Nf3 Nf6 4.e3 Bg4 5.Bxc4 e6 6.O-O Nbd7 7.Nbd2 Bd6 8.h3 Bh5
9.Be2 O-O 10.b3 Qe7 11.Bb2 e5 12.Nxe5 Bxe2 13.Qxe2 Nxe5 14.dxe5 Bxe5 15.Bxe5
Qxe5 16.Nf3 Qa5 17.Rfd1 Rad8 18.Qc4 c6 19.a4 h6 20.Rac1 Rfe8 21.Nd4 Qh5 22.b4
Rd5 23.Nf3 Red8 24.Re1 Qg6 25.e4 Rh5 26.Kf1 Re8 27.e5 Nd5 28.b5 Nb6 29.Qb3
cxb5 30.Qxb5 Re6 31.a5 a6 32.Qb3 Nd7 33.Qd5 Nf6 34.Rc8+ Kh7 35.Qxb7 Ng8 36.Rc7
Qd3+ 37.Kg1 Rg6 38.Re3 Qd1+ {#d} 1/2-1/2

[Event "2nd Hampstead Under 2200 Congress November 2012"]
[Site "London, England"]
[Date "2012.11.25"]
[Round "5"]
[White "O'Molloy,Eamonn"]
[Black "Hayward,Alan"]
[Result "0-1"]
[WhiteElo "1938"]
[BlackElo "1947"]

1.e4 d5 2.exd5 Nf6 3.Bb5+ Nbd7 4.Be2 Nxd5 5.d4 e5 6.c4 Bb4+ 7.Bd2 Bxd2+ 8.Qxd2
Nf4 9.Bf3 O-O 10.Ne2 Re8 11.O-O Nxe2+ 12.Bxe2 exd4 13.Rd1 c5 14.Bf3 Ne5 15.Bd5
Be6 16.Bxe6 Rxe6 17.b3 Qh4 18.h3 Nf3+ {#r} 0-1

[Event "2nd Hampstead Under 2200 Congress November 2012"]
[Site "London, England"]
[Date "2012.11.25"]
[Round "5"]
[White "Haridas,Girinath"]
[Black "Dixit,Kumar"]
[Result "1/2-1/2"]
[WhiteElo "1765"]
[BlackElo "1885"]

1.d4 d5 2.c4 c6 3.Nf3 Nf6 4.Nc3 e6 5.Bg5 dxc4 6.e4 b5 7.e5 h6 8.Bh4 g5 9.Nxg5
hxg5 10.Bxg5 Nbd7 11.exf6 Bb7 12.Be2 Qb6 13.O-O O-O-O 14.Bf4 Nxf6 15.Be5 Rh6
16.Bf3 Bd6 17.Qc1 Rg6 18.Qf4 Bxe5 19.dxe5 Rd4 20.Qe3 Ng4 21.Qe2 c5 22.Bxb7+
Qxb7 23.f3 Nh6 24.Ne4 Nf5 25.a4 b4 26.Rac1 Nh4 27.g3 Nxf3+ 28.Qxf3 Rxe4
29.Qxf7 Qxf7 30.Rxf7 Rg5 31.Rxa7 Rgxe5 32.Rf7 Re2 33.Rf2 Re1+ 34.Rf1 R1e4
35.Rf7 Rd5 36.a5 Rd2 37.Rf2 {#d} 1/2-1/2

[Event "2nd Hampstead Under 2200 Congress November 2012"]
[Site "London, England"]
[Date "2012.11.25"]
[Round "5"]
[White "O'Gorman,Brendan"]
[Black "Crichton,Martin"]
[Result "1/2-1/2"]
[WhiteElo "1796"]
[BlackElo "1976"]

1.Nf3 d5 2.d4 c6 3.c4 Nf6 4.g3 g6 5.Bg2 Bg7 6.O-O O-O 7.cxd5 cxd5 8.Nc3 Nc6
9.Bf4 Nh5 10.Bg5 h6 11.Be3 Nf6 12.h3 b6 13.Rc1 Bb7 14.Ne5 e6 15.Nxc6 {#d}
1/2-1/2

[Event "2nd Hampstead Under 2200 Congress November 2012"]
[Site "London, England"]
[Date "2012.11.25"]
[Round "5"]
[White "Pattni,Kishan"]
[Black "Oyama,Akito"]
[Result "0-1"]
[WhiteElo "1733"]
[BlackElo "1866"]

1.c4 e5 2.Nc3 Nc6 3.d3 f5 4.e3 Nf6 5.a3 d6 6.f4 g6 7.g3 Bg7 8.Bg2 O-O 9.Nge2
Re8 10.h3 Kh8 11.O-O Be6 12.Nd5 Bf7 13.Rb1 e4 14.Nxf6 Bxf6 15.dxe4 Bxc4
16.exf5 gxf5 17.Re1 Bf7 18.b4 Ba2 19.Rb2 Bf7 20.Rb1 Ba2 21.Rb2 Bf7 22.Rd2 Rxe3
23.Rxd6 Qxd6 24.Qxd6 cxd6 25.Bxe3 Bc4 26.Bxc6 bxc6 27.Bd4 Kg7 28.Bxf6+ Kxf6
29.Nc3 a5 30.Na4 Ra6 31.Nb2 Be6 32.Kf2 axb4 33.axb4 Rb6 34.Nd3 Bc4 35.Re3 h5
36.Kf3 Bd5+ 37.Ke2 Bg2 38.h4 Be4 39.Kd2 Ra6 40.Nb2 Ke6 41.Kc3 Ra3+ 42.Kd2 Rxe3
43.Kxe3 Kd5 44.Kd2 Kd4 45.Nd1 Kc4 46.Ke3 Kxb4 47.Nf2 d5 48.g4 fxg4 49.Nxe4
dxe4 50.Kxe4 Kc5 51.Ke5 g3 52.f5 g2 {#R} 0-1

[Event "2nd Hampstead Under 2200 Congress November 2012"]
[Site "London, England"]
[Date "2012.11.25"]
[Round "5"]
[White "Pein,Jonathan"]
[Black "Georgiev,Ivan"]
[Result "1/2-1/2"]
[WhiteElo "1854"]
[BlackElo "1764"]

1.e4 c5 2.Nf3 e6 3.c3 Nc6 4.e5 d5 5.d4 Qb6 6.Be2 cxd4 7.cxd4 Nge7 8.Na3 Bd7
9.O-O Nf5 10.Nc2 Be7 11.Re1 h6 12.Rb1 Rc8 13.Bf4 Na5 14.g4 Nh4 15.Nxh4 Bxh4
16.Bg3 Be7 17.Qd3 Nc4 18.b3 Na3 19.Nxa3 Bxa3 20.Bh4 Qc6 21.Qe3 Qc3 22.Qd3 Qxd3
23.Bxd3 Rc3 24.Red1 O-O 25.f4 Rfc8 26.Be1 R3c7 27.Bd2 a6 28.f5 Bb5 29.Be3 Bxd3
30.Rxd3 Rc2 31.Ra1 Re2 32.Bd2 Rc2 33.Rd1 Rxa2 34.h3 Rc2 {#d} 1/2-1/2

[Event "2nd Hampstead Under 2200 Congress November 2012"]
[Site "London, England"]
[Date "2012.11.25"]
[Round "5"]
[White "Giles,Yasmin"]
[Black "Anilkumar,Anantha P."]
[Result "1-0"]
[WhiteElo "1827"]
[BlackElo "1561"]

1.e4 c5 2.Nc3 Nc6 3.Bb5 Nd4 4.d3 g6 5.f4 Bg7 6.Bc4 e6 7.Nf3 Ne7 8.Nxd4 cxd4
9.Ne2 O-O 10.O-O d5 11.Bb3 Rb8 12.Kh1 a6 13.Ng1 b5 14.Nf3 Bb7 15.e5 Qb6 16.Qe1
Nf5 17.Rg1 a5 18.a4 b4 19.g4 Ne3 20.Bxe3 dxe3 21.d4 e2 22.Qxe2 Ba6 23.Qg2 Bc4
24.f5 Bxb3 25.cxb3 Rfc8 26.f6 Bf8 27.h4 h6 28.Rac1 Rc6 29.Rc2 Rbc8 30.Rgc1
R8c7 31.Rxc6 Rxc6 32.Rxc6 Qxc6 33.Qd2 Qc7 34.Kg2 Qc6 35.Kf2 Kh7 36.Ke1 Kg8
37.Kd1 Kh7 38.Qe2 Kg8 39.Qb5 Qa8 40.Qb6 Kh7 41.Ne1 g5 42.h5 Kh8 43.Nd3 Kg8
44.Kd2 Kh8 45.Nc5 Bxc5 46.dxc5 d4 47.c6 Kh7 48.Qb7 {#r} 1-0

[Event "2nd Hampstead Under 2200 Congress November 2012"]
[Site "London, England"]
[Date "2012.11.25"]
[Round "5"]
[White "Hall, Dave"]
[Black "Rogers,Tim"]
[Result "0-1"]
[WhiteElo "2010"]
[BlackElo "1986"]

1.d4 d5 2.Bf4 Nf6 3.e3 Bf5 4.c4 e6 5.Nc3 c6 6.Bd3 Bxd3 7.Qxd3 Bd6 8.Bxd6 Qxd6
9.Nf3 Nbd7 10.O-O O-O 11.Rad1 Rad8 12.Rfe1 h6 13.a3 a6 14.g3 Rfe8 15.Nh4 e5
16.cxd5 Nxd5 17.Nf5 Qe6 18.e4 Nxc3 19.bxc3 Nf6 20.f3 Rd7 21.Qc2 Red8 22.Qb2 c5
23.d5 Nxd5 24.Nxg7 Kxg7 25.exd5 Rxd5 26.Rxd5 Qxd5 27.Qe2 f6 28.f4 e4 29.Qxe4
Qxe4 30.Rxe4 Rd3 31.Rc4 b6 32.a4 a5 33.Kf1 Rd2 34.h4 f5 35.g4 fxg4 36.f5 h5
37.Re4 Rd6 38.Kf2 Kf6 39.Ke3 Kxf5 40.Rf4+ Ke5 41.Rf8 Rf6 42.Rh8 Rf3+ 43.Kd2
Ke4 44.Rxh5 Rf2+ 45.Ke1 Ra2 46.Rh6 Rxa4 47.Rxb6 g3 48.Rg6 {#R} 0-1

[Event "2nd Hampstead Under 2200 Congress November 2012"]
[Site "London, England"]
[Date "2012.11.25"]
[Round "5"]
[White "Jain,Gautam"]
[Black "Lim,Mark"]
[Result "0-1"]
[WhiteElo "1677"]
[BlackElo "1891"]

1.e4 e6 2.d4 d5 3.e5 c5 4.Nf3 Qb6 5.Bd3 Bd7 6.Nc3 cxd4 7.Ne2 Nc6 8.Bf4 Bc5
9.O-O Nge7 10.a3 a5 11.Qd2 Rb8 12.Bg3 a4 13.Nh4 Ng6 14.f4 Na7 15.Nf3 Bb5
16.Nc1 Nc6 17.Bxb5 Qxb5 18.Nd3 Bb6 19.Bf2 Nge7 20.Nh4 g6 21.g4 h5 22.g5 Kd7
23.Rab1 Na5 24.Nb4 Nc4 25.Qe2 Nc6 26.Nxc6 bxc6 27.Nf3 Nxa3 28.Qxb5 Nxb5
29.Rfd1 c5 30.h4 Rb7 31.Ra1 Ra8 32.b3 a3 33.Be1 Kc6 34.b4 Nc3 35.Bxc3 dxc3
36.bxc5 Bxc5+ 37.Nd4+ Bxd4+ 38.Rxd4 Rb2 39.Kf1 Kc5 40.Rdd1 Rxc2 41.Rdc1 Rxc1+
42.Rxc1 a2 43.Ra1 Kb4 {#R} 0-1

[Event "2nd Hampstead Under 2200 Congress November 2012"]
[Site "London, England"]
[Date "2012.11.25"]
[Round "5"]
[White "Oyama,Haronobu"]
[Black "Byrne,Ken"]
[Result "1-0"]
[WhiteElo "1602"]
[BlackElo "1100"]

1.e4 d6 2.d4 Nf6 3.Nc3 g6 4.Be2 Bg7 5.Be3 O-O 6.h4 e5 7.d5 c6 8.h5 h6 9.Qd2
Kh7 10.hxg6+ fxg6 11.Bxh6 Ng4 12.Bxg4 Bxg4 13.Bg5+ Bh5 14.Bxd8 Rxd8 15.g4 Bh6
16.Qe2 Bxg4 17.Qxg4 Rh8 18.Qg5 Kg7 19.Qe7+ Kg8 20.Nf3 Na6 21.Ng5 Rf8 22.O-O-O
Nc5 23.Rdg1 Bxg5+ 24.Qxg5 Rxh1 25.Qxg6+ Kh8 26.Rxh1# {#r} 1-0

[Event "2nd Hampstead Under 2200 Congress November 2012"]
[Site "London, England"]
[Date "2012.11.25"]
[Round "5"]
[White "Herschmann,Heinz"]
[Black "Altman,Joshua"]
[Result "0-1"]
[WhiteElo "1410"]
[BlackElo "1570"]

1.e4 c5 2.Nf3 Nc6 3.d4 cxd4 4.Nxd4 g6 5.Nxc6 bxc6 6.Bd3 Bg7 7.c3 Nf6 8.O-O O-O
9.h3 Bb7 10.Be3 d6 11.Nd2 c5 12.Rb1 Qc7 13.Nf3 Nxe4 14.Rc1 Nf6 15.Re1 Nd5
16.Bd2 Rab8 17.b3 Rfe8 18.Bb1 Nb6 19.Bf4 Nd5 20.Bd2 Ba8 21.c4 Nb4 22.Bxb4 cxb4
23.Be4 Qa5 24.Rc2 Qb6 25.Bxa8 Rxa8 26.Qd5 Rac8 27.Ng5 e6 28.Qf3 Rf8 29.Rce2 h6
30.Ne4 d5 31.Nf6+ Bxf6 32.Qxf6 Rc6 33.Qh4 Kg7 34.Kh1 dxc4 35.bxc4 Rfc8 36.Rc1
Qc7 37.Rec2 a5 38.Qd4+ e5 39.Qd5 Rc5 40.Qe4 f5 41.Qe2 Rd8 42.Qe3 e4 43.Qb3 Rd3
44.Qb2+ Kf7 45.Qh8 h5 46.Qh7+ Kf6 47.Qxc7 Rxc7 48.c5 Rd5 49.~h1-f1 Ke5 50.Ke2
Rd3 51.c6 Kd6 52.Rc5 Rd5 53.Rxd5+ Kxd5 54.Ke3 Rxc6 55.Rxc6 Kxc6 56.Kd4 Kb5
57.Kd5 a4 58.Kd4 b3 59.axb3 axb3 60.Kc3 Ka4 61.Kb2 Kb4 62.g3 g5 63.h4 gxh4
64.gxh4 f4 65.Kb1 e3 66.fxe3 f3 {#R} 0-1